| 000 | 00554nam a22002057a 4500 | ||
|---|---|---|---|
| 003 | OSt | ||
| 005 | 20220107122817.0 | ||
| 008 | 160627b xxu||||| |||| 00| 0 eng d | ||
| 020 | _a9780070534155 | ||
| 040 | _cIIITMK | ||
| 082 | _a005.133J2M KEO/J | ||
| 100 |
_aKeogh, James _99929 |
||
| 245 |
_aJ2ME: _bThe complete reference _cJames Keogh |
||
| 260 |
_aNew Delhi, _bTata McGraw Hill Education, _c2011. |
||
| 300 | _axix, 745p. | ||
| 650 |
_aCOMPUTER SCIENCE _99930 |
||
| 650 |
_aCOMPUTER PROGRAMMING _99931 |
||
| 650 |
_aJ2ME _99932 |
||
| 942 |
_2ddc _cBK |
||
| 999 |
_c5268 _d5268 |
||